Briquel Dominique, Catalogue des inscriptions étrusques et italiques du Musée du Louvre, Paris, Musée du Louvre/Picard, 2016, 1 vol. 22,5 x 28, 400 p., 300 fig. coul. et 130 dessins ds t. (notice n° 1596536)
[ vue normale ]
| 000 -LEADER | |
|---|---|
| fixed length control field | 01529cam a2200169 4500500 |
| 005 - DATE AND TIME OF LATEST TRANSACTION | |
| control field | 20251228073950.0 |
| 041 ## - LANGUAGE CODE | |
| Language code of text/sound track or separate title | fre |
| 042 ## - AUTHENTICATION CODE | |
| Authentication code | dc |
| 100 10 - MAIN ENTRY--PERSONAL NAME | |
| Personal name | Thuillier, Jean-Paul |
| Relator term | author |
| 245 00 - TITLE STATEMENT | |
| Title | Briquel Dominique, Catalogue des inscriptions étrusques et italiques du Musée du Louvre, Paris, Musée du Louvre/Picard, 2016, 1 vol. 22,5 x 28, 400 p., 300 fig. coul. et 130 dessins ds t. |
| 260 ## - PUBLICATION, DISTRIBUTION, ETC. | |
| Date of publication, distribution, etc. | 2017.<br/> |
| 500 ## - GENERAL NOTE | |
| General note | 100 |
| 520 ## - SUMMARY, ETC. | |
| Summary, etc. | Une statuette de bronze provenant du Levant et conservée au musée du Louvre a été considérée jadis comme figurant un guerrier parthe. Elle doit plutôt être interprétée comme une représentation, à l’époque impériale romaine, du dieu syrien Jupiter Dolichénien. C’est un fragment probablement ancien d’ex‑voto ( i er s. apr. J.‑C.). À l’origine, le dieu, qui brandissait une hache bipenne dans la main droite, était juché sur le dos d’un taureau. |
| 520 ## - SUMMARY, ETC. | |
| Summary, etc. | A bronze statuette made in the Levant and housed today in the Louvre, was once considered to be the image of a Parthian warrior. It should be recognized as being the Syrian god Iupiter Dolichenus, of the Roman imperial period. It is a fragment of a probably early ( 1 st Cent. ad) ex‑voto. Originally, the god, holding a double axe in his right hand, was standing on the back of a bull. |
| 786 0# - DATA SOURCE ENTRY | |
| Note | Revue archéologique | 64 | 2 | 2017-11-24 | p. 369o-448o | 0035-0737 |
| 856 41 - ELECTRONIC LOCATION AND ACCESS | |
| Uniform Resource Identifier | <a href="https://shs.cairn.info/revue-archeologique-2017-2-page-369o?lang=fr&redirect-ssocas=7080">https://shs.cairn.info/revue-archeologique-2017-2-page-369o?lang=fr&redirect-ssocas=7080</a> |
Pas d'exemplaire disponible.




Réseaux sociaux